00293nam a2200133Ia 4500003000400000008004100004082001600045100001900061245002600080250000800106260002900114300000800143650000800151OSt191201s2002 xx 000 0 und d a658.15bCLI aCLARK, Ephraim 0aInternational Finance a2nd aNew DelhibThomsonc2002 a665 aMBA